000 00956nam a2200277 i 4500
001 bg
100 1 _aTARANOV, Makar Timofiejevič
245 0 _aBiochemia a produkcyjność zwierząt /
_cMakar T. Taranow ; [przekł. i oprac. wyd. pol. Adam Kołątaj, Czesław Dziewięcki].
246 _iTyt. oryg.:
_aBiochimija i produktivnost' životnych
260 _aWarszawa :
_bPaństwowe Wydawnictwo Rolnicze i Leśne,
_c1982.
300 _a206, [1] s. :
_brys. ;
_c21 cm.
500 _aTyt. oryg.: "Biochimija i produktivnost' životnych", 1976.
504 _aBibliogr. przy rozdz.
650 9 _aZootechnika
650 9 _aZwierzęta gospodarskie
_xbiochemia
655 _aPodręczniki
700 1 _aKOŁĄTAJ, Adam.
_eTł.
700 1 _aDZIEWIĘCKI, Czesław.
_eTł.
020 _a8309005830
040 _cBPK
041 1 _apol
080 _a636:577.1](07)
920 _a83-09-00583-0
942 _cKS
008 s pl f |000 0 pol
999 _c46605
_d46605